Países que participaron en la Primera Guerra Mundial - Estadísticas

Estadísticas generales
  • Esta prueba ha sido intentada 8.901 veces
  • La puntuación promedio es 14 de 21
Estadísticas de respuestas
Muertes País % Correcto
2,037,000 Alemania
99%
2,254,369 Rusia
98%
1,397,800 Francia
97%
116,708 Estados Unidos
95%
960,036 Reino Unido
95%
651,000 Italia
93%
1,494,200 Austria-Hungría
90%
4,661 Japón
86%
58,637 Bélgica
73%
64,997 Canadá
71%
26,000 Grecia
70%
7,222 Portugal
62%
450,000 Serbia
62%
335,706 Rumania
59%
62,081 Australia
58%
87,500 Bulgaria
58%
771,844 Imperio Otomano
43%
18,053 Nueva Zelanda
40%
9,592 Sudáfrica
28%
13,325 Montenegro
26%
1,570 Terranova
6%
No se encontraron pruebas coincidentes
Distribución de puntuación
Porcentaje de gente con cada puntuación
Porcentaje por número respondido
Historial de tus puntuaciones
No has intentado esta prueba.